[Event "CYCC U14"]
[Site "Victoria CAN"]
[Date "2005.03.26"]
[Round "5.14"]
[White "King, George"]
[Black "Leclair, Jaret"]
[Result "0-1"]
[WhiteElo "811"]
[BlackElo "912"]
[PlyCount "104"]
[GameId "2160767910969289"]
[EventDate "2005.03.24"]
[EventType "swiss"]
[EventRounds "7"]
[EventCountry "CAN"]

1. e4 e6 2. d4 f5 3. exf5 exf5 4. Qe2+ Be7 5. Nf3 h6 6. Bd2 d5 7. Qb5+ c6 8. Qe2 a5 9. Nc3 Qd6 10. g3 g5 11. h3 Nf6 12. a4 b6 13. b3 Nbd7 14. Bc1 Ba6 15. Qd2 g4 16. Ba3 c5 17. dxc5 bxc5 18. Bxa6 Rxa6 19. hxg4 Nxg4 20. Nxd5 Qe6+ 21. Ne3 Nde5 22. Nxe5 Qxe5 23. Qe2 Rd6 24. Nxg4 Qxe2+ 25. Kxe2 fxg4 26. Bxc5 Re6+ 27. Kd2 Bxc5 28. Rhe1 Rxe1 29. Rxe1+ Kf7 30. Kc1 Kg6 31. f4 h5 32. Re6+ Kf5 33. Re5+ Kg6 34. Rxc5 h4 35. Rg5+ Kf6 36. Rxg4 h3 37. Rh4 Rxh4 38. gxh4 h2 39. b4 h1=Q+ 40. Kb2 Qxh4 41. bxa5 Qxf4 42. Kb3 Qf3+ 43. Kb2 Qd5 44. c3 Qxa5 45. Kb3 Qb6+ 46. Ka3 Ke5 47. c4 Qc5+ 48. Kb3 Kd4 49. Kc2 Qxc4+ 50. Kd2 Qd3+ 51. Kc1 Kc3 52. a5 Qf1# 0-1

[Event "CYCC U14"]
[Site "Victoria CAN"]
[Date "2005.03.26"]
[Round "6.1"]
[White "Davies, Noam"]
[Black "Me, Kevin"]
[Result "1-0"]
[WhiteElo "1966"]
[BlackElo "1762"]
[PlyCount "85"]
[GameId "2160767910969290"]
[EventDate "2005.03.24"]
[EventType "swiss"]
[EventRounds "7"]
[EventCountry "CAN"]

1. e4 c5 2. Nf3 d6 3. d4 cxd4 4. Nxd4 Nf6 5. Nc3 a6 6. Bg5 e6 7. Qd3 Be7 8. Be2 Nc6 9. O-O-O Nxd4 10. Qxd4 Bd7 11. f4 Bc6 12. Qe3 Qc7 13. Bf3 Rc8 14. Kb1 h6 15. Bh4 Nxe4 16. Nxe4 Bxe4 17. Qxe4 Bxh4 18. f5 Bf6 19. fxe6 O-O 20. exf7+ Rxf7 21. Bg4 Qb6 22. b4 Qc7 23. Qd3 Re8 24. Bh5 Rff8 25. Bxe8 Rxe8 26. Rhf1 Be5 27. Qb3+ Kh7 28. h4 Qc6 29. g4 Rc8 30. Rf7 Qg2 31. Qd3+ Kg8 32. Rdf1 b6 33. Qf5 Qc6 34. g5 Bf6 35. Rxf6 gxf6 36. Qg6+ Kh8 37. Qxh6+ Kg8 38. Qg6+ Kh8 39. Qxf6+ Kg8 40. Qg6+ Kh8 41. Rf7 Qh1+ 42. Kb2 Rxc2+ 43. Qxc2 1-0

[Event "CYCC U14"]
[Site "Victoria CAN"]
[Date "2005.03.26"]
[Round "6.2"]
[White "Trandafir, Stefan"]
[Black "Kaminski, Victor"]
[Result "1/2-1/2"]
[WhiteElo "1525"]
[BlackElo "2198"]
[PlyCount "97"]
[GameId "2160767910969291"]
[EventDate "2005.03.24"]
[EventType "swiss"]
[EventRounds "7"]
[EventCountry "CAN"]

1. d4 Nf6 2. c4 e6 3. Nf3 c6 4. e3 Be7 5. Nc3 b6 6. Be2 Bb7 7. O-O O-O 8. Qc2 d6 9. Rd1 Nbd7 10. b3 a6 11. Bb2 Qc7 12. Rac1 Rac8 13. d5 exd5 14. Nxd5 Nxd5 15. cxd5 Bf6 16. e4 Rce8 17. Bd3 Qd8 18. Re1 Bxb2 19. Qxb2 f5 20. Qc2 fxe4 21. Bxe4 Nf6 22. Rcd1 Bc8 23. Bf5 Bxf5 24. Qxf5 Ne4 25. Qg4 Nc3 26. Rd2 Rxe1+ 27. Nxe1 Re8 28. Nf3 Qf6 29. h3 b5 30. Qd7 Kf8 31. Qxc6 Ne2+ 32. Kh1 Nd4 33. Nxd4 Re1+ 34. Kh2 Qf4+ 35. g3 Qxd2 36. Ne6+ Rxe6 37. dxe6 Qxf2+ 38. Kh1 Qe1+ 39. Kh2 Qxe6 40. Qxa6 Qe1 41. Qa8+ Qe8 42. Qf3+ Qf7 43. Qa8+ Ke7 44. Qb7+ Ke6 45. Qe4+ Kf6 46. Qf3+ Ke7 47. Qb7+ Kf8 48. Qa8+ Qe8 49. Qf3+ 1/2-1/2

[Event "CYCC U14"]
[Site "Victoria CAN"]
[Date "2005.03.26"]
[Round "6.3"]
[White "Hambleton, Aman"]
[Black "Gaciu, Vlad"]
[Result "1-0"]
[WhiteElo "1963"]
[BlackElo "1611"]
[PlyCount "75"]
[GameId "2160767910969292"]
[EventDate "2005.03.24"]
[EventType "swiss"]
[EventRounds "7"]
[EventCountry "CAN"]

1. d4 d5 2. c4 c6 3. Nc3 Nf6 4. Nf3 e6 5. Bg5 dxc4 6. a4 Bb4 7. Bxf6 gxf6 8. e4 Rg8 9. g3 Qa5 10. Qc2 Nd7 11. Bxc4 Nb6 12. Bf1 Bd7 13. Bg2 O-O-O 14. O-O Bd6 15. e5 fxe5 16. Ne4 Bc7 17. dxe5 Bxe5 18. b4 Qd5 19. Rad1 Qc4 20. Qxc4 Nxc4 21. Rc1 Nb2 22. Nxe5 Nxa4 23. Nxd7 Rxd7 24. Nf6 Rdd8 25. Nxg8 Rxg8 26. b5 Nb2 27. bxc6 b6 28. Rc3 Na4 29. Ra3 b5 30. Rb1 a6 31. Rd1 Nc5 32. Bf3 Rd8 33. Rxd8+ Kxd8 34. Rc3 Na4 35. c7+ Kc8 36. Bb7+ Kxb7 37. c8=Q+ Ka7 38. Qd7+ 1-0

[Event "CYCC U14"]
[Site "Victoria CAN"]
[Date "2005.03.26"]
[Round "6.4"]
[White "Ang, Alan"]
[Black "McDonald, Justin"]
[Result "1-0"]
[WhiteElo "1878"]
[BlackElo "1924"]
[PlyCount "183"]
[GameId "2160767910969293"]
[EventDate "2005.03.24"]
[EventType "swiss"]
[EventRounds "7"]
[EventCountry "CAN"]

1. e4 e5 2. Nf3 Nc6 3. Bb5 a6 4. Ba4 Nf6 5. O-O b5 6. Bb3 Be7 7. Re1 d6 8. c3 Na5 9. Bc2 c5 10. h3 Nc6 11. b3 Qc7 12. Bb2 O-O 13. d4 cxd4 14. cxd4 Nd7 15. Nbd2 Nb4 16. Bb1 exd4 17. Nxd4 Bf6 18. N2f3 Ne5 19. a3 Nxf3+ 20. Qxf3 Nc6 21. e5 Nxd4 22. Qxa8 Bxe5 23. Bxd4 Bb7 24. Qxf8+ Kxf8 25. Bxe5 dxe5 26. Be4 Bxe4 27. Rxe4 Qc3 28. Rae1 Qxb3 29. Rxe5 g6 30. R5e3 Qa4 31. Rc1 b4 32. axb4 Qxb4 33. Ra1 Kg7 34. Rea3 Qc4 35. Rxa6 h5 36. Ra7 Qd5 37. Re1 Qc5 38. Rae7 Qc3 39. g3 Kf6 40. R7e3 Qc6 41. Ra3 Qd7 42. h4 Qb7 43. Rea1 Kg7 44. Ra7 Qb2 45. R1a2 Qb3 46. Rd2 Qb1+ 47. Kh2 Qb6 48. Ra4 Qc5 49. Rf4 Qb5 50. Rd6 g5 51. hxg5 Qxg5 52. Rd7 Kg6 53. Rfxf7 Qc5 54. Rf4 Qc6 55. Rdd4 Qc2 56. Rd6+ Kg5 57. Rdf6 Qd2 58. Rf8 Qe2 59. Rg8+ Kh6 60. Rf6+ Kh7 61. Rg5 Qe1 62. Rff5 Qe2 63. Rxh5+ Kg6 64. Rhg5+ Kh6 65. Kh3 Qe6 66. Kh4 Qe4+ 67. Rf4 Qe7 68. Rff5 Qe4+ 69. g4 Qg2 70. Rh5+ Kg6 71. Rfg5+ Kf6 72. Rh6+ Kf7 73. Rf5+ Kg7 74. Kg5 Qe4 75. Rhf6 Qe7 76. Kh5 Qe8+ 77. Rf7+ Kg8 78. Kh6 Qc6+ 79. R7f6 Qh1+ 80. Kg5 Qc1+ 81. f4 Qa3 82. Rf8+ Qxf8 83. Rxf8+ Kxf8 84. Kf6 Kg8 85. g5 Kh7 86. g6+ Kh8 87. g7+ Kg8 88. f5 Kh7 89. Kf7 Kh6 90. g8=Q Kh5 91. Qg3 Kh6 92. Qg6# 1-0

[Event "CYCC U14"]
[Site "Victoria CAN"]
[Date "2005.03.26"]
[Round "6.5"]
[White "Chung, Kevin"]
[Black "Rozybakiyev, Rasul"]
[Result "1/2-1/2"]
[WhiteElo "2048"]
[BlackElo "1636"]
[PlyCount "68"]
[GameId "2160767910969294"]
[EventDate "2005.03.24"]
[EventType "swiss"]
[EventRounds "7"]
[EventCountry "CAN"]

1. e4 c5 2. Nf3 e6 3. c3 Nf6 4. e5 Nd5 5. d4 cxd4 6. cxd4 Nc6 7. Nc3 Nxc3 8. bxc3 Be7 9. Bd3 d6 10. exd6 Qxd6 11. O-O O-O 12. Ng5 h6 13. Ne4 Qd5 14. Bb2 b5 15. Qe2 Bb7 16. f3 a6 17. Rfd1 Na5 18. Nd2 Rac8 19. a4 Nc4 20. Nxc4 bxc4 21. Be4 Qd7 22. Bc1 Bd5 23. Bf4 Rfe8 24. Rdb1 Bd6 25. Bxd6 Qxd6 26. Qd2 Rb8 27. a5 Qc7 28. Qa2 Qc6 29. Bc2 Rec8 30. Qa3 Qc7 31. Qa4 Qf4 32. Qa3 Qe3+ 33. Kf1 Bxf3 34. gxf3 Qxf3+ 1/2-1/2

[Event "CYCC U14"]
[Site "Victoria CAN"]
[Date "2005.03.26"]
[Round "6.7"]
[White "Wang, Shane"]
[Black "Lavigne-Theriault, Francis"]
[Result "1-0"]
[WhiteElo "1748"]
[BlackElo "1142"]
[PlyCount "115"]
[GameId "2160767910969296"]
[EventDate "2005.03.24"]
[EventType "swiss"]
[EventRounds "7"]
[EventCountry "CAN"]

1. e4 e5 2. Nf3 d6 3. d4 Nf6 4. Nc3 exd4 5. Qxd4 c5 6. Qe3 Ng4 7. Qf4 Nc6 8. Bd2 Nge5 9. O-O-O Be6 10. Bb5 Nd7 11. Ng5 Qf6 12. Nxe6 fxe6 13. Rhe1 Be7 14. Qg3 O-O 15. f4 Rad8 16. Bxc6 bxc6 17. e5 Qh4 18. Qxh4 Bxh4 19. g3 Be7 20. exd6 Bxd6 21. Rxe6 Nb6 22. Rde1 Nc4 23. R6e2 Nxd2 24. Rxd2 Bc7 25. Rde2 c4 26. Ne4 h5 27. Ng5 Ba5 28. c3 Rc8 29. Re7 Rc7 30. Rxc7 Bxc7 31. Re6 Rf6 32. Re8+ Rf8 33. Rxf8+ Kxf8 34. Ne6+ Ke7 35. Nxc7 Kd7 36. Na6 Kd6 37. Kd2 c5 38. Ke3 g6 39. Ke4 Kc6 40. Ke5 Kb6 41. Nb8 Kc7 42. Kd5 Kxb8 43. Kxc5 Kc7 44. Kxc4 Kc6 45. b4 a6 46. a4 Kb6 47. b5 axb5+ 48. axb5 Kb7 49. Kc5 Kc7 50. b6+ Kb7 51. Kb5 Kc8 52. c4 Kb7 53. c5 Kc8 54. c6 Kb8 55. b7 Ka7 56. Kc5 Kb8 57. Kb6 g5 58. c7# 1-0

[Event "CYCC U14"]
[Site "Victoria CAN"]
[Date "2005.03.26"]
[Round "6.8"]
[White "Brown, Gabriel"]
[Black "Higgins, Rehan"]
[Result "1-0"]
[WhiteElo "1789"]
[BlackElo "1208"]
[PlyCount "41"]
[GameId "2160767910969297"]
[EventDate "2005.03.24"]
[EventType "swiss"]
[EventRounds "7"]
[EventCountry "CAN"]

1. c4 d6 2. g3 g6 3. Bg2 Bg7 4. Nc3 Nf6 5. e4 O-O 6. Nge2 Nbd7 7. d4 e5 8. dxe5 Nxe5 9. b3 Ne8 10. O-O c6 11. f4 Nd7 12. Be3 Qc7 13. Qc2 f5 14. Rad1 c5 15. Rd3 Ndf6 16. Rfd1 fxe4 17. Nxe4 Nxe4 18. Bxe4 Nf6 19. Rxd6 Nxe4 20. Qxe4 Bg4 21. Qd5+ 1-0

[Event "CYCC U14"]
[Site "Victoria CAN"]
[Date "2005.03.26"]
[Round "6.9"]
[White "Ang, Adrian"]
[Black "Yu, Jeffrey Hong Cheung"]
[Result "1/2-1/2"]
[WhiteElo "1455"]
[BlackElo "1487"]
[PlyCount "75"]
[GameId "2160767910969298"]
[EventDate "2005.03.24"]
[EventType "swiss"]
[EventRounds "7"]
[EventCountry "CAN"]

1. e4 e5 2. Nf3 Nc6 3. d4 exd4 4. Nxd4 Nf6 5. Nc3 Bb4 6. Nxc6 bxc6 7. Bd3 h6 8. O-O O-O 9. Bd2 Re8 10. Re1 d5 11. exd5 cxd5 12. a3 Bc5 13. h3 Be6 14. Qf3 Rb8 15. Rab1 d4 16. Ne4 Nxe4 17. Qxe4 f5 18. Qc6 Bd6 19. Ba5 Kh8 20. Bc4 Bxc4 21. Qxc4 Rxe1+ 22. Bxe1 Bxa3 23. Qa2 Bc5 24. Ba5 Bb6 25. Bxb6 axb6 26. Rd1 c5 27. c3 Qf6 28. cxd4 cxd4 29. Qa7 Rd8 30. Qa4 d3 31. Qb5 d2 32. Qb4 Qc6 33. Kh2 Qc1 34. Qxb6 Rc8 35. Qe6 Ra8 36. Qe2 Rd8 37. b4 Qc2 38. b5 1/2-1/2

[Event "CYCC U14"]
[Site "Victoria CAN"]
[Date "2005.03.26"]
[Round "6.10"]
[White "Thomson, Stephen"]
[Black "Kelman, Sean"]
[Result "0-1"]
[WhiteElo "1213"]
[BlackElo "1571"]
[PlyCount "66"]
[GameId "2160767910969299"]
[EventDate "2005.03.24"]
[EventType "swiss"]
[EventRounds "7"]
[EventCountry "CAN"]

1. e4 e5 2. Nf3 Nc6 3. Bb5 a6 4. Ba4 Nf6 5. Nc3 b5 6. Bb3 Bc5 7. h3 b4 8. Nd5 Nxe4 9. O-O Nf6 10. d3 h6 11. Re1 d6 12. Nxf6+ Qxf6 13. Bd5 Bd7 14. c3 Rb8 15. Be3 Bxe3 16. fxe3 Ne7 17. Bb3 bxc3 18. bxc3 Qg6 19. Rb1 Nc6 20. Kh1 O-O 21. Ba4 Rxb1 22. Qxb1 f5 23. Bb3+ Kh8 24. Nh4 Qg5 25. Nf3 Qh5 26. Qd1 f4 27. exf4 Rxf4 28. Nd2 Qg6 29. Nf3 Qg3 30. Rg1 Bxh3 31. gxh3 Qxh3+ 32. Nh2 Rf2 33. Rg2 Rxg2 0-1

[Event "CYCC U14"]
[Site "Victoria CAN"]
[Date "2005.03.26"]
[Round "6.11"]
[White "Rouleau, Joel"]
[Black "Corbett, Aaron"]
[Result "1-0"]
[WhiteElo "1369"]
[BlackElo "906"]
[PlyCount "31"]
[GameId "2160767910969300"]
[EventDate "2005.03.24"]
[EventType "swiss"]
[EventRounds "7"]
[EventCountry "CAN"]

1. e4 e6 2. d4 g6 3. Nf3 c5 4. dxc5 Bxc5 5. Nc3 Qf6 6. Bg5 Qg7 7. Na4 Bb4+ 8. Nd2 Qd4 9. c3 Qe5 10. Nf3 Qa5 11. cxb4 Qxb4+ 12. Nd2 Nc6 13. Qb3 Qd4 14. Qc3 Qxa4 15. Qxh8 Nd4 16. Qxg8# 1-0

[Event "CYCC U14"]
[Site "Victoria CAN"]
[Date "2005.03.26"]
[Round "6.12"]
[White "Wee, Michael"]
[Black "Leclair, Jaret"]
[Result "1-0"]
[WhiteElo "1287"]
[BlackElo "912"]
[PlyCount "61"]
[GameId "2160767910969301"]
[EventDate "2005.03.24"]
[EventType "swiss"]
[EventRounds "7"]
[EventCountry "CAN"]

1. e4 Nf6 2. Nc3 e5 3. Nf3 Nc6 4. Bc4 h6 5. d3 a6 6. Be3 b5 7. Bb3 Bb4 8. Qd2 Bb7 9. a3 Bxc3 10. Qxc3 d6 11. Nh4 g6 12. O-O-O Ng4 13. Nf3 Qf6 14. Bd5 Kd7 15. d4 Nd8 16. dxe5 dxe5 17. Bxb7+ Ke8 18. Bxa8 Kf8 19. Bc5+ Kg8 20. h3 Ne6 21. hxg4 Nxc5 22. Qxc5 Qf4+ 23. Kb1 Qxg4 24. Nxe5 Qxg2 25. Rhg1 Qf3 26. Nxf3 Kh7 27. Bb7 h5 28. Ng5+ Kg8 29. Qe7 Rh7 30. Ne6 fxe6 31. Rd8# 1-0

[Event "CYCC U14"]
[Site "Victoria CAN"]
[Date "2005.03.26"]
[Round "6.13"]
[White "Greene, Spencer"]
[Black "Durbalau, Ovidiu"]
[Result "0-1"]
[WhiteElo "964"]
[BlackElo "925"]
[PlyCount "26"]
[GameId "2160767910969302"]
[EventDate "2005.03.24"]
[EventType "swiss"]
[EventRounds "7"]
[EventCountry "CAN"]

1. Nh3 e5 2. d4 f6 3. dxe5 fxe5 4. Ng5 Be7 5. h4 h6 6. e4 hxg5 7. Bxg5 Bxg5 8. Bc4 Nf6 9. f4 Bxh4+ 10. Kf1 Qe7 11. fxe5 Qxe5 12. Qf3 Qxe4 13. Bd3 Qe1# 0-1

[Event "CYCC U14"]
[Site "Victoria CAN"]
[Date "2005.03.26"]
[Round "6.14"]
[White "Kipanik-Borton, Josh"]
[Black "King, George"]
[Result "0-1"]
[WhiteElo "1011"]
[BlackElo "811"]
[PlyCount "58"]
[GameId "2160767910969303"]
[EventDate "2005.03.24"]
[EventType "swiss"]
[EventRounds "7"]
[EventCountry "CAN"]

1. e4 c5 2. Nf3 d6 3. d4 cxd4 4. Nxd4 Nf6 5. Nc3 Nc6 6. Be2 g6 7. Be3 Bg7 8. O-O O-O 9. f4 a6 10. a4 Qb6 11. Qd3 Qc7 12. Bf3 Bg4 13. Bxg4 Nxg4 14. Nd5 Qd8 15. Nxc6 bxc6 16. Bb6 Qd7 17. Nc7 Rab8 18. a5 Bxb2 19. Rab1 Bg7 20. Nxa6 Ra8 21. h3 Nf6 22. Nc7 Rac8 23. e5 Ne8 24. Nxe8 Rfxe8 25. Rbd1 d5 26. c4 e6 27. a6 Ra8 28. a7 Qb7 29. Rb1 Qa6 0-1

[Event "CYCC U14"]
[Site "Victoria CAN"]
[Date "2005.03.27"]
[Round "7.1"]
[White "Hambleton, Aman"]
[Black "Davies, Noam"]
[Result "1/2-1/2"]
[WhiteElo "1963"]
[BlackElo "1966"]
[PlyCount "82"]
[GameId "2160767910969304"]
[EventDate "2005.03.24"]
[EventType "swiss"]
[EventRounds "7"]
[EventCountry "CAN"]

1. d4 Nf6 2. Nf3 g6 3. Bg5 Bg7 4. Nbd2 d5 5. e3 O-O 6. Bd3 b6 7. O-O Bb7 8. c3 Nbd7 9. Re1 Ne4 10. Bh4 h6 11. c4 g5 12. Bg3 e6 13. Qc2 Nxg3 14. hxg3 c5 15. cxd5 exd5 16. Nf1 Rc8 17. Qd2 Nf6 18. Bf5 Ne4 19. Qd3 Rc7 20. N3d2 Qf6 21. Nxe4 dxe4 22. Bxe4 Bxe4 23. Qxe4 cxd4 24. Rac1 dxe3 25. Nxe3 Rxc1 26. Rxc1 Qxb2 27. Rc6 Qe2 28. Qf5 Qxa2 29. Ng4 h5 30. Nf6+ Bxf6 31. Rxf6 Qa5 32. Qf3 Qe5 33. Rf5 Qa1+ 34. Kh2 f6 35. Qxh5 Kg7 36. Rd5 Qa4 37. Qe2 Qe8 38. Qxe8 Rxe8 39. Rd7+ Kg6 40. Rxa7 Re2 41. Rb7 Rxf2 1/2-1/2

[Event "CYCC U14"]
[Site "Victoria CAN"]
[Date "2005.03.27"]
[Round "7.2"]
[White "Kaminski, Victor"]
[Black "Ang, Alan"]
[Result "1-0"]
[WhiteElo "2198"]
[BlackElo "1878"]
[PlyCount "39"]
[GameId "2160767910969305"]
[EventDate "2005.03.24"]
[EventType "swiss"]
[EventRounds "7"]
[EventCountry "CAN"]

1. d4 e6 2. Nf3 b6 3. Bf4 Nf6 4. e3 d6 5. c3 Ba6 6. Bxa6 Nxa6 7. Qa4+ Qd7 8. Qxa6 Be7 9. Qe2 O-O 10. Nbd2 c5 11. Bg5 h6 12. Bxf6 Bxf6 13. Rd1 d5 14. O-O Rfe8 15. Ne5 Qb7 16. f4 c4 17. Qh5 Rf8 18. Rf3 Kh8 19. Ng4 Qe7 20. Rh3 1-0

[Event "CYCC U14"]
[Site "Victoria CAN"]
[Date "2005.03.27"]
[Round "7.3"]
[White "Me, Kevin"]
[Black "Trandafir, Stefan"]
[Result "1-0"]
[WhiteElo "1762"]
[BlackElo "1525"]
[PlyCount "85"]
[GameId "2160767910969306"]
[EventDate "2005.03.24"]
[EventType "swiss"]
[EventRounds "7"]
[EventCountry "CAN"]

1. e4 c5 2. Nf3 Nc6 3. d4 cxd4 4. Nxd4 Nf6 5. Nc3 e5 6. Ndb5 d6 7. Bg5 a6 8. Na3 b5 9. Bxf6 gxf6 10. Nd5 f5 11. Bd3 Be6 12. Qh5 Rg8 13. O-O Rg5 14. Nc7+ Kd7 15. Nxe6 fxe6 16. Qxh7+ Qe7 17. exf5 Qxh7 18. fxe6+ Kxe6 19. Bxh7 Ra7 20. Bd3 Nb4 21. Rae1 Rh5 22. f4 Rg7 23. fxe5 dxe5 24. Rxf8 Rhh7 25. g3 Nc6 26. c3 Rd7 27. Be4 Ne7 28. Ref1 Rd2 29. R8f2 Rd8 30. Rf6+ Kd7 31. Rd1+ Kc7 32. Rxd8 Kxd8 33. Rxa6 Rg7 34. Rd6+ Ke8 35. Nxb5 Rg4 36. Bf3 Rg5 37. Nc7+ Kf7 38. Ne6 Rf5 39. Bg4 Rf6 40. Bh5+ Ng6 41. Ng5+ Ke7 42. Rxf6 Kxf6 43. Bxg6 1-0

[Event "CYCC U14"]
[Site "Victoria CAN"]
[Date "2005.03.27"]
[Round "7.5"]
[White "Gaciu, Vlad"]
[Black "Brown, Gabriel"]
[Result "1-0"]
[WhiteElo "1611"]
[BlackElo "1789"]
[PlyCount "76"]
[GameId "2160767910969308"]
[EventDate "2005.03.24"]
[EventType "swiss"]
[EventRounds "7"]
[EventCountry "CAN"]

1. d4 Nf6 2. Bg5 d5 3. Nf3 Bf5 4. c4 Nc6 5. Bxf6 exf6 6. cxd5 Bb4+ 7. Nc3 Qxd5 8. e3 O-O-O 9. Be2 g5 10. O-O Bxc3 11. bxc3 h5 12. c4 Qd7 13. d5 Ne5 14. Qd4 Nxf3+ 15. Bxf3 b6 16. c5 Kb8 17. c6 Qc8 18. a4 a5 19. e4 Bg4 20. Rab1 Ka7 21. Rb5 Qa6 22. Qxf6 Rhf8 23. Bxg4 hxg4 24. Qxg5 Qc8 25. Qe3 Qa6 26. Qg3 Qc8 27. Qe3 Qa6 28. Rc1 Ka8 29. Rcb1 Ka7 30. Rc1 Ka8 31. g3 f6 32. Rd1 Rd6 33. Qf4 Qc8 34. Rxb6 Rxd5 35. Rxd5 cxb6 36. Rd1 Rh8 37. Rd6 Kb8 38. c7+ Kb7 1-0

[Event "CYCC U14"]
[Site "Victoria CAN"]
[Date "2005.03.27"]
[Round "7.6"]
[White "McDonald, Justin"]
[Black "Rozybakiyev, Rasul"]
[Result "1/2-1/2"]
[WhiteElo "1924"]
[BlackElo "1636"]
[PlyCount "61"]
[GameId "2160767910969309"]
[EventDate "2005.03.24"]
[EventType "swiss"]
[EventRounds "7"]
[EventCountry "CAN"]

1. e4 c5 2. Nf3 e6 3. d4 cxd4 4. Nxd4 Nf6 5. Nc3 d6 6. Be3 a6 7. f3 b5 8. Qd2 Nbd7 9. a4 b4 10. Na2 d5 11. Nc6 Qc7 12. exd5 Nxd5 13. Ncxb4 Nxe3 14. Qxe3 Bb7 15. c3 Bc5 16. Qd2 Ne5 17. Be2 Rd8 18. Qc2 Qb6 19. Rf1 O-O 20. Rb1 a5 21. Nd3 Nc4 22. Nxc5 Ne3 23. Qc1 Qxc5 24. Rf2 Qe5 25. b3 Rd6 26. c4 Rfd8 27. Qc3 Qg5 28. g3 Rd2 29. Rb2 Rd1+ 30. Bxd1 Nxd1 31. Qc1 1/2-1/2

[Event "CYCC U14"]
[Site "Victoria CAN"]
[Date "2005.03.27"]
[Round "7.7"]
[White "Raymer, Evan"]
[Black "Chung, Kevin"]
[Result "0-1"]
[WhiteElo "1617"]
[BlackElo "2048"]
[PlyCount "58"]
[GameId "2160767910969310"]
[EventDate "2005.03.24"]
[EventType "swiss"]
[EventRounds "7"]
[EventCountry "CAN"]

1. e4 e6 2. d4 d5 3. Nd2 Nf6 4. e5 Ne4 5. Bd3 Nxd2 6. Bxd2 c5 7. Bb5+ Nc6 8. c3 Qb6 9. Qa4 Bd7 10. Qb3 Nxe5 11. dxe5 Qxb5 12. Qc2 Be7 13. Nf3 h6 14. O-O-O Qa5 15. h3 c4 16. Rdg1 Ba4 17. Qb1 Qc7 18. h4 b5 19. g4 g6 20. Re1 a5 21. Nd4 Rb8 22. Nc2 h5 23. gxh5 Rxh5 24. Bg5 Bxg5+ 25. hxg5 Rxh1 26. Rxh1 Qxe5 27. Rg1 Qf4+ 28. Kd1 Qxf2 29. Rh1 Bxc2+ 0-1

[Event "CYCC U14"]
[Site "Victoria CAN"]
[Date "2005.03.27"]
[Round "7.8"]
[White "Kelman, Sean"]
[Black "Rouleau, Joel"]
[Result "1/2-1/2"]
[WhiteElo "1571"]
[BlackElo "1369"]
[PlyCount "105"]
[GameId "2160767910969311"]
[EventDate "2005.03.24"]
[EventType "swiss"]
[EventRounds "7"]
[EventCountry "CAN"]

1. e4 e5 2. Nf3 Nc6 3. Bc4 Nf6 4. Ng5 d5 5. exd5 Na5 6. Bb5+ c6 7. dxc6 bxc6 8. Bd3 Be7 9. Ne4 Bd7 10. Nxf6+ Bxf6 11. Nc3 O-O 12. b4 Nb7 13. Qf3 Qc7 14. Be4 a6 15. h4 Nd6 16. h5 h6 17. d3 Rfb8 18. a3 Nxe4 19. Nxe4 Be7 20. Qg3 Kf8 21. d4 Bf5 22. f3 Bxe4 23. fxe4 Bd6 24. O-O exd4 25. Bf4 Bxf4 26. Rxf4 Qb6 27. Qd3 Rd8 28. Raf1 Ra7 29. Kh1 a5 30. Qc4 Rdd7 31. bxa5 Qxa5 32. Rf5 Qxa3 33. Qxc6 Qc3 34. Qb6 Rac7 35. R5f2 Qc6 36. Qb8+ Rc8 37. Qe5 Qc5 38. Qxc5+ Rxc5 39. Rd2 Rxh5+ 40. Kg1 Rc5 41. Rc1 Ke7 42. Kf2 d3 43. c3 Rdc7 44. Rxd3 Ke6 45. Ke3 Ke5 46. g4 g6 47. Kf3 f5 48. exf5 gxf5 49. Re3+ Kf6 50. gxf5 Kxf5 51. Rd3 R7c6 52. Ke2 h5 53. Kd2 1/2-1/2

[Event "CYCC U14"]
[Site "Victoria CAN"]
[Date "2005.03.27"]
[Round "7.9"]
[White "Yu, Jeffrey Hong Cheung"]
[Black "Wee, Michael"]
[Result "1-0"]
[WhiteElo "1487"]
[BlackElo "1287"]
[PlyCount "30"]
[GameId "2160767910969312"]
[EventDate "2005.03.24"]
[EventType "swiss"]
[EventRounds "7"]
[EventCountry "CAN"]

1. e4 e6 2. d4 d5 3. Nd2 c5 4. exd5 exd5 5. Ne2 Nc6 6. Nf3 Bd6 7. g3 Nge7 8. Bg2 Be6 9. O-O O-O 10. Re1 Qb6 11. b3 cxd4 12. Nexd4 Be5 13. Be3 Bg4 14. Nxc6 Qxc6 15. Qd2 Ng6 1-0

[Event "CYCC U14"]
[Site "Victoria CAN"]
[Date "2005.03.27"]
[Round "7.10"]
[White "Lavigne-Theriault, Francis"]
[Black "Ang, Adrian"]
[Result "1-0"]
[WhiteElo "1142"]
[BlackElo "1455"]
[PlyCount "69"]
[GameId "2160767910969313"]
[EventDate "2005.03.24"]
[EventType "swiss"]
[EventRounds "7"]
[EventCountry "CAN"]

1. d4 e6 2. e4 d5 3. exd5 exd5 4. c4 c6 5. Nc3 Bd6 6. c5 Bc7 7. Be3 Ne7 8. Bd3 Bf5 9. Nf3 Nd7 10. Qe2 O-O 11. O-O-O b6 12. a4 bxc5 13. dxc5 Rb8 14. Bxf5 Nxf5 15. Nd4 Nxe3 16. Qxe3 Re8 17. Nxc6 Rxe3 18. Nxd8 Rxc3+ 19. bxc3 Rxd8 20. Rxd5 Nf6 21. Rxd8+ Bxd8 22. Rd1 Ba5 23. c6 h6 24. c4 Kf8 25. c5 Ke7 26. f3 a6 27. Rd6 Bc7 28. Rd4 Bxh2 29. f4 Bg1 30. c7 Bxd4 31. c8=Q Be3+ 32. Kc2 Bxf4 33. Qb7+ Kd8 34. c6 Nd5 35. Qd7# 1-0

[Event "CYCC U14"]
[Site "Victoria CAN"]
[Date "2005.03.27"]
[Round "7.11"]
[White "Higgins, Rehan"]
[Black "Thomson, Stephen"]
[Result "0-1"]
[WhiteElo "1208"]
[BlackElo "1213"]
[PlyCount "48"]
[GameId "2160767910969314"]
[EventDate "2005.03.24"]
[EventType "swiss"]
[EventRounds "7"]
[EventCountry "CAN"]

1. Nf3 d5 2. g3 Nc6 3. Bg2 e5 4. O-O Nf6 5. d3 Bd6 6. Nbd2 Bf5 7. Re1 e4 8. Nh4 Be6 9. Bh1 g5 10. Ng2 h5 11. f4 exf3 12. Nxf3 Ng4 13. Bxg5 Be7 14. Bxe7 Qxe7 15. Nf4 Qc5+ 16. d4 Qd6 17. Nxe6 Qxe6 18. Bg2 Qe3+ 19. Kh1 Nf2+ 20. Kg1 Nxd1+ 21. Kh1 Nf2+ 22. Kg1 Nd3+ 23. Kh1 Nxe1 24. Rxe1 O-O-O 0-1

[Event "CYCC U14"]
[Site "Victoria CAN"]
[Date "2005.03.27"]
[Round "7.12"]
[White "Iserhoff, Scott"]
[Black "Durbalau, Ovidiu"]
[Result "0-1"]
[WhiteElo "1018"]
[BlackElo "925"]
[PlyCount "34"]
[GameId "2160767910969315"]
[EventDate "2005.03.24"]
[EventType "swiss"]
[EventRounds "7"]
[EventCountry "CAN"]

1. e3 e5 2. Nh3 Nf6 3. Qe2 d5 4. Qb5+ c6 5. Qe2 Bxh3 6. gxh3 Bd6 7. Rg1 g6 8. h4 h5 9. f3 e4 10. fxe4 Nxe4 11. Bh3 Qxh4+ 12. Kd1 Qxh3 13. Qf1 Qxf1+ 14. Rxf1 Bxh2 15. Na3 Nd7 16. d3 Nef6 17. Bd2 O-O-O 0-1

[Event "CYCC U14"]
[Site "Victoria CAN"]
[Date "2005.03.27"]
[Round "7.13"]
[White "Corbett, Aaron"]
[Black "Kipanik-Borton, Josh"]
[Result "0-1"]
[WhiteElo "906"]
[BlackElo "1011"]
[PlyCount "61"]
[GameId "2160767910969316"]
[EventDate "2005.03.24"]
[EventType "swiss"]
[EventRounds "7"]
[EventCountry "CAN"]

1. e3 e5 2. g3 b6 3. b3 Bb7 4. Nf3 e4 5. Ne5 f6 6. Nc4 d5 7. Nd6+ Bxd6 8. Qg4 g6 9. c4 f5 10. Qh3 Be5 11. d4 Bd6 12. g4 Bc8 13. cxd5 fxg4 14. Bb5+ Bd7 15. Qf1 c6 16. Ba4 b5 17. f3 gxf3 18. Nc3 Qa5 19. Bd2 Ne7 20. Nxe4 Qc7 21. Qxf3 Rf8 22. Nf6+ Kd8 23. Rf1 bxa4 24. Rc1 h5 25. dxc6 Bxc6 26. d5 Ba3 27. Rc4 g5 28. Qxh5 Qb7 29. Qh6 Nxd5 30. Qxf8+ Bxf8 31. Rd4 0-1